[Event "20. Abierto de la Constitucion 2018"]
[Site "S. S. de los Reyes ESP"]
[Date "2018.12.09"]
[Round "9.7"]
[White "Pindado Campos, Raul"]
[Black "Lorenzo Bailador, Alfredo"]
[Result "1-0"]
[WhiteElo "2065"]
[BlackElo "2044"]
[PlyCount "108"]
[EventDate "2018.12.01"]
[EventType "swiss"]
[EventRounds "9"]
[EventCountry "ESP"]
[SourceTitle "Ajedrez en Madrid"]
[Source "lmi"]
[SourceDate "2018.12.01"]

1. d4 d5 2. Nf3 Bf5 3. c4 e6 4. Nc3 c6 5. e3 Nd7 6. Bd3 Bxd3 7. Qxd3 Ngf6 8.
O-O Be7 9. e4 dxe4 10. Nxe4 O-O 11. Bf4 Nxe4 12. Qxe4 Nf6 13. Qe2 c5 14. dxc5
Bxc5 15. h3 h6 16. Be5 Qe7 17. a3 a5 18. Bc3 Rfd8 19. Rad1 a4 20. Ne5 Rxd1 21.
Rxd1 Rd8 22. Nd3 Bd4 23. Ba5 Rd7 24. Rd2 b6 25. Bb4 Qd8 26. Kh1 e5 27. Nc1 Bc5
28. Rxd7 Qxd7 29. Bxc5 bxc5 30. Na2 Qd4 31. Nc3 g6 32. Kg1 Nh5 33. Nb5 Qf4 34.
Nc3 Qf5 35. Nxa4 Nf4 36. Qf1 Nd3 37. Nb6 Nxb2 38. a4 Qf6 39. a5 e4 40. Qe2 Qd4
41. a6 Nd3 42. Qa2 Nxf2 43. Qxf2 e3 44. Qe2 Qa1+ 45. Kh2 Qxa6 46. Nd5 Qd6+ 47.
g3 Qa6 48. Nxe3 Qa4 49. Nd5 Qb3 50. Qe8+ Kg7 51. Qe5+ Kg8 52. Nf6+ Kf8 53. Nd7+
Kg8 54. Qe8+ Kg7 1-0

[Event "20. Abierto de la Constitucion 2018"]
[Site "S. S. de los Reyes ESP"]
[Date "2018.12.09"]
[Round "9.8"]
[White "Gomez Logrosan, Cristian"]
[Black "Rodrigo Yanguas, Maria"]
[Result "0-1"]
[WhiteElo "1790"]
[BlackElo "2053"]
[PlyCount "120"]
[EventDate "2018.12.01"]
[EventType "swiss"]
[EventRounds "9"]
[EventCountry "ESP"]
[SourceTitle "Ajedrez en Madrid"]
[Source "lmi"]
[SourceDate "2018.12.01"]

1. Nf3 Nf6 2. g3 g6 3. Bg2 Bg7 4. O-O O-O 5. d3 d5 6. Nbd2 c6 7. e4 Bg4 8. h3
Bxf3 9. Qxf3 Qb6 10. Re1 e6 11. c3 Nfd7 12. d4 a5 13. a4 Na6 14. Qe2 Nc7 15. e5
c5 16. Nf3 cxd4 17. cxd4 Na6 18. Bd2 Rfc8 19. Bc3 Nb4 20. Qd2 Bf8 21. Nh4 Qd8
22. Bf1 Nb6 23. f4 Nc4 24. Bxc4 dxc4 25. Ng2 b6 26. Rf1 Nd5 27. Ne3 Nxe3 28.
Qxe3 Qd5 29. Qf3 Rd8 30. Qxd5 Rxd5 31. Rfd1 Rad8 32. Kf2 Be7 33. Ke3 f6 34. Rf1
Kf7 35. Ke4 Ke8 36. Rfe1 Kd7 37. Rf1 Kc6 38. Ra2 Rg8 39. Raa1 f5+ 40. Ke3 g5
41. Rg1 Rdd8 42. Kf3 Kd5 43. Ke3 Rg6 44. Rgf1 Rdg8 45. Rf3 Rh6 46. g4 gxf4+ 47.
Kxf4 fxg4 48. hxg4 Bg5+ 49. Kg3 Bh4+ 50. Kf4 Rhg6 51. Rg1 h5 52. Rff1 hxg4 53.
Rh1 g3 54. Rfg1 Rf8+ 55. Ke3 Bg5+ 56. Ke2 Rf2+ 57. Ke1 Rh2 58. Rxh2 gxh2 59.
Rh1 Bf4 60. Kf2 Rg1 0-1

[Event "20. Abierto de la Constitucion 2018"]
[Site "S. S. de los Reyes ESP"]
[Date "2018.12.09"]
[Round "9.9"]
[White "Rodriguez Garcia, Alberto"]
[Black "Martin Rodriguez, Emilio"]
[Result "0-1"]
[WhiteElo "1781"]
[BlackElo "1994"]
[PlyCount "128"]
[EventDate "2018.12.01"]
[EventType "swiss"]
[EventRounds "9"]
[EventCountry "ESP"]
[SourceTitle "Ajedrez en Madrid"]
[Source "lmi"]
[SourceDate "2018.12.01"]

1. e4 c6 2. Nc3 d5 3. d4 g6 4. Nf3 Bg7 5. Be2 Bg4 6. Be3 e6 7. Qd2 Nd7 8. h3
Bxf3 9. Bxf3 Nb6 10. Be2 h6 11. Rd1 Nf6 12. e5 Nfd7 13. O-O Qe7 14. b3 a6 15.
Bd3 c5 16. Rfe1 Rc8 17. f4 O-O 18. Ne2 c4 19. bxc4 Nxc4 20. Bxc4 Rxc4 21. Rb1
b5 22. Qa5 Ra4 23. Qc7 Qd8 24. Qxd8 Rxd8 25. Rb2 Rc8 26. c3 Nb6 27. Bc1 Bf8 28.
Kf2 h5 29. g4 Be7 30. g5 Rac4 31. Bd2 Na4 32. Rb3 Nb6 33. Reb1 Ra4 34. R1b2 Nc4
35. Rc2 Na5 36. Rb1 Nc6 37. Rcb2 Ba3 38. Rb3 Na5 39. Ke3 Be7 40. Nc1 Nxb3 41.
axb3 Ra3 42. Ke2 a5 43. Nd3 b4 44. cxb4 axb4 45. Nxb4 Bxb4 46. Bxb4 Ra2+ 47.
Kf3 Rcc2 48. Be1 Rab2 49. Rxb2 Rxb2 50. b4 Kf8 51. h4 Ke8 52. Ke3 Kd7 53. Kd3
Kc6 54. Kc3 Re2 55. Bd2 Kb5 56. Kd3 Rh2 57. Be1 Rh3+ 58. Ke2 Kc4 59. Bf2 Kxb4
60. Kf1 Rf3 61. Ke2 Rxf4 62. Ke3 Rf5 63. Ke2 Kc4 64. Be3 Kc3 0-1

[Event "20. Abierto de la Constitucion 2018"]
[Site "S. S. de los Reyes ESP"]
[Date "2018.12.09"]
[Round "9.10"]
[White "Alfaya Marcelo, Roberto"]
[Black "Montiel Miguelez, Manuel"]
[Result "1-0"]
[WhiteElo "2166"]
[BlackElo "1814"]
[PlyCount "35"]
[EventDate "2018.12.01"]
[EventType "swiss"]
[EventRounds "9"]
[EventCountry "ESP"]
[SourceTitle "Ajedrez en Madrid"]
[Source "lmi"]
[SourceDate "2018.12.01"]

1. c4 Nf6 2. Nc3 e6 3. e4 Bb4 4. e5 Bxc3 5. dxc3 Ng8 6. Bf4 Ne7 7. Nf3 O-O 8.
Bd3 Nbc6 9. Bxh7+ Kh8 10. Bc2 Ng6 11. Bg3 Nce7 12. Ng5 Nf5 13. Qh5+ Nh6 14.
Bxg6 Qxg5 15. Qxg5 fxg6 16. Qxg6 b6 17. O-O-O Bb7 18. Rxd7 1-0

[Event "20. Abierto de la Constitucion 2018"]
[Site "S. S. de los Reyes ESP"]
[Date "2018.12.09"]
[Round "9.11"]
[White "Alvarez Gonzalez, Eduardo"]
[Black "Paarup, Torsten"]
[Result "0-1"]
[WhiteElo "1798"]
[BlackElo "1989"]
[PlyCount "86"]
[EventDate "2018.12.01"]
[EventType "swiss"]
[EventRounds "9"]
[EventCountry "ESP"]
[SourceTitle "Ajedrez en Madrid"]
[Source "lmi"]
[SourceDate "2018.12.01"]

1. d4 f5 2. g3 Nf6 3. Bg2 g6 4. c4 Bg7 5. Nc3 O-O 6. Nf3 d6 7. O-O c6 8. Qd3
Na6 9. a3 Qe8 10. d5 Nc5 11. Qc2 e5 12. dxe6 Bxe6 13. Bf4 Rd8 14. Nd2 h6 15.
Rad1 g5 16. Be3 Ng4 17. Bxc5 dxc5 18. b3 Bc8 19. e3 Nxe3 20. fxe3 Qxe3+ 21. Kh1
Qxc3 22. Qxc3 Bxc3 23. Nf3 Rfe8 24. h3 Kf7 25. a4 Kf6 26. Kg1 Be6 27. Rc1 Bb4
28. Rfd1 Bf7 29. Kf2 Bg6 30. Bf1 f4 31. Rxd8 fxg3+ 32. Kxg3 Rxd8 33. h4 Be4 34.
hxg5+ hxg5 35. Be2 Ba5 36. Kf2 Bc7 37. Rc3 Bf4 38. Ne1 Rh8 39. Ng2 Be5 40. Rc1
Rh3 41. Bd1 Bd4+ 42. Kf1 Rh2 43. Ne1 Rf2+ 0-1

[Event "20. Abierto de la Constitucion 2018"]
[Site "S. S. de los Reyes ESP"]
[Date "2018.12.09"]
[Round "9.12"]
[White "Rodriguez Bernal, Herman"]
[Black "Bello Burguet, Glenier Lazaro"]
[Result "1/2-1/2"]
[WhiteElo "1745"]
[BlackElo "1947"]
[PlyCount "95"]
[EventDate "2018.12.01"]
[EventType "swiss"]
[EventRounds "9"]
[EventCountry "ESP"]
[SourceTitle "Ajedrez en Madrid"]
[Source "lmi"]
[SourceDate "2018.12.01"]

1. d4 Nf6 2. c4 e6 3. Bg5 h6 4. Bh4 d5 5. Nc3 Be7 6. e3 O-O 7. Nf3 b6 8. Qc2
Bb7 9. cxd5 exd5 10. Bd3 Nbd7 11. Bf5 c5 12. O-O Nh5 13. Bxe7 Qxe7 14. h4 Nhf6
15. Kh1 Ne4 16. g4 g6 17. Bxd7 Qxd7 18. Rg1 cxd4 19. exd4 Rac8 20. Rg2 b5 21.
a3 a5 22. Qb3 h5 23. Ne5 Qe6 24. f3 Nxc3 25. bxc3 hxg4 26. Rxg4 Kg7 27. Rag1
Rh8 28. Qc2 Rh6 29. Rf4 Qh3+ 30. Qh2 Qxh2+ 31. Kxh2 f6 32. Nd7 Rxc3 33. Nxf6 b4
34. axb4 axb4 35. Ne8+ Kg8 36. Nd6 Rc2+ 37. Kh3 Bc8+ 38. Nxc8 Rxc8 39. Rb1 g5
40. Rg4 Rxh4+ 41. Rxh4 gxh4 42. Kxh4 Rc4 43. Kg5 Rxd4 44. Kf5 Rc4 45. Ke5 d4
46. Kd5 Rc3 47. Kxd4 Rxf3 48. Rxb4 1/2-1/2

[Event "20. Abierto de la Constitucion 2018"]
[Site "S. S. de los Reyes ESP"]
[Date "2018.12.09"]
[Round "9.13"]
[White "Lopez de Turiso, Jose Angel"]
[Black "Perez Cameselle, Francisco"]
[Result "1-0"]
[WhiteElo "1913"]
[BlackElo "1783"]
[PlyCount "65"]
[EventDate "2018.12.01"]
[EventType "swiss"]
[EventRounds "9"]
[EventCountry "ESP"]
[SourceTitle "Ajedrez en Madrid"]
[Source "lmi"]
[SourceDate "2018.12.01"]

1. Nf3 Nf6 2. c4 c5 3. Nc3 b6 4. d4 cxd4 5. Nxd4 Bb7 6. f3 g6 7. e4 d6 8. Be3
Bg7 9. Qd2 O-O 10. Bh6 Nc6 11. Nxc6 Bxc6 12. g4 Qc7 13. h4 Rfc8 14. h5 e6 15.
Bxg7 Kxg7 16. hxg6 fxg6 17. Qh6+ Kg8 18. O-O-O d5 19. g5 Nh5 20. Rxh5 Qf4+ 21.
Kb1 gxh5 22. Qxe6+ Kg7 23. exd5 Be8 24. Qh6+ Kg8 25. Bd3 Bg6 26. Bxg6 hxg6 27.
Qxg6+ Kf8 28. Qh6+ Kg8 29. Ne4 Qxf3 30. Nf6+ Kf7 31. Qh7+ Kf8 32. Qg8+ Ke7 33.
d6# 1-0

[Event "20. Abierto de la Constitucion 2018"]
[Site "S. S. de los Reyes ESP"]
[Date "2018.12.09"]
[Round "9.14"]
[White "Anton Quevedo, Andrea"]
[Black "Palomares Cortez, Facundo Sebast"]
[Result "1-0"]
[WhiteElo "1876"]
[BlackElo "1684"]
[PlyCount "123"]
[EventDate "2018.12.01"]
[EventType "swiss"]
[EventRounds "9"]
[EventCountry "ESP"]
[SourceTitle "Ajedrez en Madrid"]
[Source "lmi"]
[SourceDate "2018.12.01"]

1. e4 e5 2. Nf3 Nc6 3. Bc4 Bc5 4. c3 Nf6 5. d4 exd4 6. O-O Nxe4 7. cxd4 d5 8.
dxc5 dxc4 9. Qe2 Qd3 10. Re1 f5 11. Bf4 O-O 12. Na3 Be6 13. Nb5 Bf7 14. Nxc7
Rad8 15. Nb5 Nxc5 16. Qe3 Qxe3 17. Bxe3 Nd3 18. Re2 a6 19. Nbd4 Nxd4 20. Bxd4
Bh5 21. Bb6 Bxf3 22. gxf3 Rd6 23. Ba5 Kf7 24. Rd1 Re6 25. Rc2 Rc6 26. b3 Ne5
27. Rc3 Rfc8 28. Re3 Re6 29. f4 Ng4 30. Rc3 b6 31. Bb4 a5 32. Ba3 b5 33. Rd7+
Ke8 34. Rxg7 Re1+ 35. Kg2 b4 36. Rg8+ Kd7 37. Rxc8 Kxc8 38. Rxc4+ Kb7 39. Bb2
Re2 40. Bd4 Rxa2 41. h3 Nh6 42. Be5 Ra3 43. Rc7+ Kb6 44. Rxh7 Ng4 45. hxg4 fxg4
46. Bc7+ Kc6 47. Bd8 Rxb3 48. Bxa5 Kb5 49. Bd8 Rf3 50. Bc7 b3 51. Be5 Kc4 52.
Rc7+ Kd5 53. Rc8 Ke4 54. Rg8 Kf5 55. Rg5+ Ke4 56. Rxg4 b2 57. Bxb2 Rxf4 58.
Rxf4+ Kxf4 59. Bc1+ Kg4 60. f3+ Kf5 61. Kg3 Kf6 62. Kf4 1-0

[Event "20. Abierto de la Constitucion 2018"]
[Site "S. S. de los Reyes ESP"]
[Date "2018.12.09"]
[Round "9.15"]
[White "Rubio Gonzalez, Beltran"]
[Black "Largo Barbero, Benito"]
[Result "0-1"]
[WhiteElo "1510"]
[BlackElo "1866"]
[PlyCount "68"]
[EventDate "2018.12.01"]
[EventType "swiss"]
[EventRounds "9"]
[EventCountry "ESP"]
[SourceTitle "Ajedrez en Madrid"]
[Source "lmi"]
[SourceDate "2018.12.01"]

1. d4 d6 2. Bf4 g6 3. Nc3 Bg7 4. e4 c6 5. Nf3 Qb6 6. Qd2 Bg4 7. Na4 Qd8 8. Be2
b5 9. Nc3 a6 10. O-O Nd7 11. h3 Bxf3 12. Bxf3 Nb6 13. b3 e6 14. Rad1 Ne7 15.
Bh6 O-O 16. g3 Qc7 17. Kg2 Rad8 18. Bxg7 Kxg7 19. Qe3 Nd7 20. Ne2 e5 21. c3 f5
22. h4 Rf6 23. h5 Rdf8 24. hxg6 Rxg6 25. Bh5 f4 26. Qd2 Rg5 27. Rh1 Nf6 28. Bf3
d5 29. dxe5 Qxe5 30. exd5 Nexd5 31. Rh3 fxg3 32. Rxg3 Rxg3+ 33. fxg3 Ne3+ 34.
Kf2 Ne4+ 0-1

[Event "20. Abierto de la Constitucion 2018"]
[Site "S. S. de los Reyes ESP"]
[Date "2018.12.09"]
[Round "9.16"]
[White "Marcos Herrero, Francisco"]
[Black "Llamas Martinez, Pablo"]
[Result "1/2-1/2"]
[WhiteElo "1889"]
[BlackElo "1479"]
[PlyCount "57"]
[EventDate "2018.12.01"]
[EventType "swiss"]
[EventRounds "9"]
[EventCountry "ESP"]
[SourceTitle "Ajedrez en Madrid"]
[Source "lmi"]
[SourceDate "2018.12.01"]

1. Nf3 Nf6 2. c4 g6 3. b4 Bg7 4. Bb2 O-O 5. g3 b6 6. Bg2 Bb7 7. O-O d5 8. cxd5
Qd6 9. Be5 Qxb4 10. Nc3 Nxd5 11. Rb1 Nxc3 12. Rxb4 Nxd1 13. Bxg7 Kxg7 14. Rxd1
Rd8 15. d4 c5 16. Rc4 Nc6 17. d5 Nb4 18. e4 Nxa2 19. Ne5 Nb4 20. Rcc1 a5 21.
Nc4 b5 22. Na3 Ba6 23. Rxc5 Rdc8 24. Rdc1 Nd3 25. Rxc8 Rxc8 26. Rxc8 Bxc8 27.
Nxb5 Ba6 28. Nc3 Nb2 29. Bf1 1/2-1/2

[Event "20. Abierto de la Constitucion 2018"]
[Site "S. S. de los Reyes ESP"]
[Date "2018.12.09"]
[Round "9.17"]
[White "Martinez Miura, Enrique"]
[Black "Camarero Izquierdo, Juan Carlos"]
[Result "1-0"]
[WhiteElo "1627"]
[BlackElo "1922"]
[PlyCount "83"]
[EventDate "2018.12.01"]
[EventType "swiss"]
[EventRounds "9"]
[EventCountry "ESP"]
[SourceTitle "Ajedrez en Madrid"]
[Source "lmi"]
[SourceDate "2018.12.01"]

1. e4 c5 2. Nf3 d6 3. d4 cxd4 4. Nxd4 Nf6 5. Nc3 a6 6. Be2 e6 7. O-O Nbd7 8.
Be3 Qc7 9. a4 b6 10. Qd2 Bb7 11. f3 Rc8 12. Kh1 d5 13. exd5 Nxd5 14. Nxd5 Bxd5
15. c3 Bd6 16. f4 O-O 17. Bxa6 Ra8 18. Nb5 Qb8 19. Nxd6 Rxa6 20. Nb5 Nf6 21.
Nd4 Qa8 22. b3 Ne4 23. Qb2 Qd8 24. Nf3 f5 25. c4 Bb7 26. Rad1 Qe8 27. Kg1 Rf6
28. Ne5 Rh6 29. Rd7 Bc8 30. Rd3 Nc5 31. Bxc5 bxc5 32. Rfd1 Bd7 33. Rxd7 Ra8 34.
Qd2 g5 35. Rd8 Rxd8 36. Qxd8 Qxd8 37. Rxd8+ Kg7 38. Rd7+ Kg8 39. a5 Rf6 40. a6
Rf8 41. a7 gxf4 42. Rb7 1-0

[Event "20. Abierto de la Constitucion 2018"]
[Site "S. S. de los Reyes ESP"]
[Date "2018.12.09"]
[Round "9.18"]
[White "Minguela Munoz, Bienvenido"]
[Black "Haering Hijon, Javier"]
[Result "1-0"]
[WhiteElo "1792"]
[BlackElo "1555"]
[PlyCount "63"]
[EventDate "2018.12.01"]
[EventType "swiss"]
[EventRounds "9"]
[EventCountry "ESP"]
[SourceTitle "Ajedrez en Madrid"]
[Source "lmi"]
[SourceDate "2018.12.01"]

1. Nf3 Nf6 2. c4 c5 3. g3 g6 4. Bg2 Bg7 5. Nc3 Nc6 6. O-O O-O 7. d3 e6 8. Bg5
h6 9. Bf4 d5 10. Qc1 Kh7 11. Nb5 Nh5 12. Bd6 Re8 13. Bxc5 dxc4 14. Nd6 Re7 15.
Nxc8 Rxc8 16. Bxe7 Qxe7 17. dxc4 b6 18. Rb1 Nf6 19. Rd1 Nd7 20. e3 Nde5 21. b3
Qc5 22. Nd4 Kg8 23. f4 Ng4 24. Bxc6 Rxc6 25. Nxc6 Nxe3 26. b4 Qxc6 27. Qxe3
Qxc4 28. a3 Qb5 29. h4 Qh5 30. Kg2 Qf5 31. Qd3 Qf6 32. Qd8+ 1-0

[Event "20. Abierto de la Constitucion 2018"]
[Site "S. S. de los Reyes ESP"]
[Date "2018.12.09"]
[Round "9.19"]
[White "Lopez Orellana, Federico"]
[Black "Savchuk, Olga"]
[Result "1-0"]
[WhiteElo "1683"]
[BlackElo "1612"]
[PlyCount "81"]
[EventDate "2018.12.01"]
[EventType "swiss"]
[EventRounds "9"]
[EventCountry "ESP"]
[SourceTitle "Ajedrez en Madrid"]
[Source "lmi"]
[SourceDate "2018.12.01"]

1. d4 Nf6 2. Bg5 e6 3. e4 Be7 4. e5 Nd5 5. Bd2 c5 6. c4 Nc7 7. Qg4 g6 8. h4 h5
9. Qg3 Nc6 10. Bd3 d6 11. Ne2 cxd4 12. f4 dxe5 13. fxe5 Na6 14. a3 Nc5 15. Bf4
Nxd3+ 16. Qxd3 Bxh4+ 17. g3 Bg5 18. Nd2 b6 19. Nf3 Bxf4 20. Nxf4 Bb7 21. Nxe6
Qe7 22. O-O Qxe6 23. Ng5 Qg4 24. Nxf7 Rf8 25. Rf4 Qh3 26. Qxg6 Qd7 27. Nd6+ Kd8
28. Rxf8+ Kc7 29. Rf7 Ne7 30. Qf6 Rg8 31. Nxb7 Rxg3+ 32. Kf2 Rg6 33. Qxg6 Nxg6
34. Rxd7+ Kxd7 35. Re1 Ke6 36. Nd8+ Kd7 37. Nf7 Ke6 38. Ng5+ Kf5 39. Nf3 d3 40.
e6 h4 41. e7 1-0

[Event "20. Abierto de la Constitucion 2018"]
[Site "S. S. de los Reyes ESP"]
[Date "2018.12.09"]
[Round "9.20"]
[White "Bellod Thomas, Gonzalo"]
[Black "Criado Jimenez, Jose"]
[Result "1-0"]
[WhiteElo "1633"]
[BlackElo "1527"]
[PlyCount "99"]
[EventDate "2018.12.01"]
[EventType "swiss"]
[EventRounds "9"]
[EventCountry "ESP"]
[SourceTitle "Ajedrez en Madrid"]
[Source "lmi"]
[SourceDate "2018.12.01"]

1. d4 Nf6 2. Nf3 e6 3. e3 b6 4. Bd3 Bb7 5. O-O Be7 6. c4 d5 7. Nc3 dxc4 8. Bxc4
O-O 9. Qe2 Nbd7 10. Rd1 Nd5 11. e4 Nxc3 12. bxc3 Nf6 13. Bd3 c5 14. Bb2 c4 15.
Bc2 Qc7 16. Bc1 Rac8 17. Bg5 Rfd8 18. Bh4 Ne8 19. Bg3 Bd6 20. e5 Be7 21. Nd2
Bd5 22. Ne4 Qc6 23. a4 Rd7 24. Re1 Rb7 25. Qg4 Qd7 26. Bh4 Bxh4 27. Qxh4 h6 28.
Qg4 Qe7 29. Re3 Rd8 30. Rg3 Bxe4 31. Qxe4 g6 32. Qf4 Kg7 33. Rh3 Qg5 34. Qe4
Rc7 35. Rg3 Qh5 36. Bd1 Qf5 37. Qe3 Kh7 38. Rh3 h5 39. g4 Qd3 40. gxh5 Qxe3 41.
hxg6+ Kxg6 42. Rxe3 Ng7 43. Bc2+ Nf5 44. Rg3+ Kh5 45. Bxf5 exf5 46. f4 Rcd7 47.
Rg5+ Kh4 48. Ra2 Rb8 49. Rag2 b5 50. Rg7 1-0

[Event "20. Abierto de la Constitucion 2018"]
[Site "S. S. de los Reyes ESP"]
[Date "2018.12.09"]
[Round "9.21"]
[White "Garcia Minguez, Antonio"]
[Black "Vazquez Gonzalez, Jesus"]
[Result "1-0"]
[WhiteElo "1499"]
[BlackElo "1923"]
[PlyCount "103"]
[EventDate "2018.12.01"]
[EventType "swiss"]
[EventRounds "9"]
[EventCountry "ESP"]
[SourceTitle "Ajedrez en Madrid"]
[Source "lmi"]
[SourceDate "2018.12.01"]

1. d4 c5 2. c3 Nf6 3. Nf3 e6 4. Nbd2 d5 5. Qc2 Nc6 6. e4 dxe4 7. Nxe4 cxd4 8.
Nxf6+ gxf6 9. cxd4 Nxd4 10. Nxd4 Qxd4 11. Be3 Bb4+ 12. Ke2 Qd6 13. Rd1 Qa6+ 14.
Kf3 Qxa2 15. Bb5+ Bd7 16. Rxd7 a6 17. Rd4+ axb5 18. Rxb4 Qd5+ 19. Qe4 Qh5+ 20.
g4 Qh3+ 21. Ke2 O-O 22. Qf3 Qh4 23. Qg3 Qxg3 24. hxg3 Ra4 25. Bd2 Rd8 26. Bc3
Rxb4 27. Bxb4 Kg7 28. Rd1 Rc8 29. Bc3 Kg6 30. f4 Rc4 31. Rd4 Rc6 32. Kf3 h6 33.
Rb4 Rc5 34. Rd4 Rc7 35. Ke4 h5 36. gxh5+ Kxh5 37. Kf3 f5 38. Rb4 Rc5 39. Be5
Kg6 40. g4 fxg4+ 41. Kxg4 f6 42. Bc3 Rf5 43. Re4 Kf7 44. Rd4 Ke7 45. Bb4+ Ke8
46. Rd6 Kf7 47. Rd7+ Kg6 48. Rxb7 Rd5 49. Bc3 Rc5 50. Rb6 f5+ 51. Kh4 Kf7 52.
Kg5 1-0

[Event "20. Abierto de la Constitucion 2018"]
[Site "S. S. de los Reyes ESP"]
[Date "2018.12.09"]
[Round "9.22"]
[White "Chidichimo, Pedro Jose Maria"]
[Black "Gonzalez Garcia, Luis"]
[Result "1/2-1/2"]
[WhiteElo "1772"]
[BlackElo "1505"]
[PlyCount "70"]
[EventDate "2018.12.01"]
[EventType "swiss"]
[EventRounds "9"]
[EventCountry "ESP"]
[SourceTitle "Ajedrez en Madrid"]
[Source "lmi"]
[SourceDate "2018.12.01"]

1. d4 Nf6 2. Nf3 d6 3. g3 Nbd7 4. Bg2 e5 5. O-O Be7 6. c4 O-O 7. Nc3 c6 8. b3
Qc7 9. Bb2 Re8 10. Rc1 Bf8 11. Qc2 a6 12. dxe5 dxe5 13. Ng5 g6 14. e3 Rb8 15.
Nce4 Nxe4 16. Nxe4 Be7 17. Rfd1 f5 18. Nc3 Nf6 19. Ne2 Bc5 20. a3 Ng4 21. Qc3
Bf8 22. Rd2 Bg7 23. Rcd1 Be6 24. h3 Nh6 25. Rd3 e4 26. Qxg7+ Qxg7 27. Bxg7 Kxg7
28. R3d2 Nf7 29. Nf4 Kf6 30. h4 Rbd8 31. Ne2 Rxd2 32. Rxd2 Rd8 33. Rxd8 Nxd8
34. f3 exf3 35. Bxf3 Nf7 1/2-1/2

[Event "20. Abierto de la Constitucion 2018"]
[Site "S. S. de los Reyes ESP"]
[Date "2018.12.09"]
[Round "9.23"]
[White "Bravo De La Vega, Alvaro"]
[Black "Munoz Gonzalez, Martin"]
[Result "1-0"]
[WhiteElo "1407"]
[BlackElo "1414"]
[PlyCount "117"]
[EventDate "2018.12.01"]
[EventType "swiss"]
[EventRounds "9"]
[EventCountry "ESP"]
[SourceTitle "Ajedrez en Madrid"]
[Source "lmi"]
[SourceDate "2018.12.01"]

1. e4 g6 2. d4 Bg7 3. Nf3 d6 4. Nc3 Nf6 5. Be2 c5 6. dxc5 Qa5 7. O-O Qxc5 8.
Be3 Qa5 9. h3 O-O 10. Qd2 Re8 11. Nd4 a6 12. Nb3 Qd8 13. Rad1 Nc6 14. f3 Bd7
15. Na4 Qc7 16. Bb6 Qc8 17. Be3 Qc7 18. Nb6 Rad8 19. Nc4 Rb8 20. Bb6 Qc8 21.
Qe3 Be6 22. Nca5 Bxb3 23. cxb3 Nd7 24. Nxc6 bxc6 25. Bd4 Bxd4 26. Rxd4 c5 27.
Rd2 Qb7 28. Rfd1 Qb6 29. Kf2 a5 30. f4 Rbd8 31. Bc4 Qc7 32. g4 Nf8 33. Bb5 Nd7
34. e5 Rf8 35. exd6 exd6 36. Rxd6 Nb6 37. Rxd8 Rxd8 38. Rxd8+ Qxd8 39. Qe8+
Qxe8 40. Bxe8 Kf8 41. Bc6 Ke7 42. Bb5 Nd5 43. Kf3 h6 44. a3 f6 45. Bd3 g5 46.
fxg5 hxg5 47. Ke4 Nb6 48. Bb5 Na8 49. Kd5 Nc7+ 50. Kxc5 Nxb5 51. Kxb5 Ke6 52.
Kxa5 f5 53. gxf5+ Kxf5 54. b4 Kf4 55. b5 Kg3 56. b6 Kxh3 57. b7 g4 58. b8=Q g3
59. Qxg3+ 1-0

[Event "20. Abierto de la Constitucion 2018"]
[Site "S. S. de los Reyes ESP"]
[Date "2018.12.09"]
[Round "9.25"]
[White "Fernandez Diaz, Ricardo"]
[Black "Perdiguero Herreros, Alejandro"]
[Result "0-1"]
[WhiteElo "1498"]
[BlackElo "1635"]
[PlyCount "122"]
[EventDate "2018.12.01"]
[EventType "swiss"]
[EventRounds "9"]
[EventCountry "ESP"]
[SourceTitle "Ajedrez en Madrid"]
[Source "lmi"]
[SourceDate "2018.12.01"]

1. d4 d5 2. c4 e5 3. e3 exd4 4. Qxd4 Nc6 5. Qd1 Nf6 6. Nf3 Be6 7. cxd5 Bb4+ 8.
Bd2 Nxd5 9. Be2 Qf6 10. Bxb4 Ncxb4 11. Qc1 Bf5 12. Na3 Nd3+ 13. Bxd3 Bxd3 14.
Nd4 Qg5 15. g3 O-O 16. Qd2 Ba6 17. O-O-O Rfd8 18. Qa5 c5 19. Ndb5 Nb4 20. f4
Qe7 21. Nc2 b6 22. Qa4 Bxb5 23. Qxb5 Nxc2 24. Kxc2 Qe4+ 25. Kc1 Qxe3+ 26. Kb1
Qe8 27. Qxe8+ Rxe8 28. Rd7 Kf8 29. Rhd1 g6 30. R1d2 Re7 31. a3 Rae8 32. Rxe7
Rxe7 33. Kc2 Kg7 34. Kc3 b5 35. Kb3 a5 36. Kc3 a4 37. Rf2 f5 38. Rd2 Re3+ 39.
Kc2 b4 40. axb4 cxb4 41. Rd3 Rxd3 42. Kxd3 a3 43. bxa3 bxa3 44. Kc3 Kh6 45. Kb3
g5 46. fxg5+ Kxg5 47. h3 h5 48. Kxa3 h4 49. gxh4+ Kxh4 50. Kb3 Kxh3 51. Kc3 f4
52. Kd2 Kg2 53. Ke1 f3 54. Kd2 f2 55. Kd1 f1=Q+ 56. Kc2 Kf3 57. Kc3 Ke3 58. Kb4
Kd4 59. Kb3 Qb1+ 60. Ka3 Kc4 61. Ka4 Qa1# 0-1

[Event "20. Abierto de la Constitucion 2018"]
[Site "S. S. de los Reyes ESP"]
[Date "2018.12.09"]
[Round "9.26"]
[White "Alfaya Martinez, Enrique"]
[Black "Gonzalez Morente, Jose A"]
[Result "1/2-1/2"]
[WhiteElo "1594"]
[BlackElo "1449"]
[PlyCount "137"]
[EventDate "2018.12.01"]
[EventType "swiss"]
[EventRounds "9"]
[EventCountry "ESP"]
[SourceTitle "Ajedrez en Madrid"]
[Source "lmi"]
[SourceDate "2018.12.01"]

1. d4 d5 2. Bf4 Nf6 3. e3 e6 4. Nf3 c5 5. c3 Bd6 6. Ne5 O-O 7. Nd2 cxd4 8. exd4
Qc7 9. Bd3 Nbd7 10. Ndf3 Ne4 11. Nd2 Nxd2 12. Qxd2 Nxe5 13. dxe5 Bxe5 14. Bg3
Bxg3 15. hxg3 Qe5+ 16. Kf1 g6 17. Qh6 Qg7 18. Qg5 f6 19. Qh4 b6 20. g4 a5 21.
Kg1 Ba6 22. Bc2 e5 23. Rd1 Rad8 24. g5 fxg5 25. Qxg5 Qf6 26. Qg3 Qf4 27. Rh3
Bc8 28. Qxf4 Rxf4 29. Re3 e4 30. g3 Rf6 31. Bxe4 Rfd6 32. Red3 Be6 33. Rd4 b5
34. a3 Kf8 35. Bf3 Bg8 36. Be2 Rb6 37. Bf3 Rbd6 38. Re1 Re8 39. Rf4+ Bf7 40.
Rd1 Re5 41. Rfd4 Ke7 42. Bg2 Kd7 43. f4 Re2 44. Bxd5 Bxd5 45. Rxd5 Rxd5 46.
Rxd5+ Kc6 47. Rd8 Rxb2 48. Rh8 Rb3 49. Rxh7 Rxc3 50. Kf2 Rd3 51. Rh6 Rd6 52.
Rh1 Rd3 53. Rc1+ Kd5 54. Rb1 Kc4 55. g4 Rxa3 56. f5 gxf5 57. gxf5 Rd3 58. Rc1+
Kd5 59. Rc8 Ke5 60. Ke2 Rd6 61. Rb8 b4 62. Ke3 Kxf5 63. Rb5+ Ke6 64. Rxa5 Rb6
65. Kd2 Kd6 66. Kc2 Kc6 67. Kb3 Rb5 68. Ra8 Kc5 69. Rc8+ 1/2-1/2

[Event "20. Abierto de la Constitucion 2018"]
[Site "S. S. de los Reyes ESP"]
[Date "2018.12.09"]
[Round "9.27"]
[White "Hidalgo Prado, David"]
[Black "Lozano Hernanz, Rodrigo"]
[Result "1-0"]
[WhiteElo "1588"]
[BlackElo "1318"]
[PlyCount "71"]
[EventDate "2018.12.01"]
[EventType "swiss"]
[EventRounds "9"]
[EventCountry "ESP"]
[SourceTitle "Ajedrez en Madrid"]
[Source "lmi"]
[SourceDate "2018.12.01"]

1. e4 e5 2. Nf3 Nc6 3. Bb5 a6 4. Ba4 Be7 5. c3 b5 6. Bc2 d6 7. d4 exd4 8. cxd4
Bg4 9. Be3 Bf6 10. h3 Bxf3 11. gxf3 Nge7 12. Nc3 Na5 13. Rb1 Nc4 14. Bf4 Nc6
15. Ne2 Ne7 16. Bd3 Ng6 17. Bg3 Bh4 18. Bxc4 bxc4 19. Qa4+ Qd7 20. Qxc4 Bxg3
21. fxg3 c6 22. Rc1 Ne7 23. Kf2 Qb7 24. b3 Qb5 25. Nf4 Qxc4 26. Rxc4 Rb8 27.
Nd3 d5 28. Ra4 dxe4 29. fxe4 Rd8 30. Ke3 O-O 31. Rxa6 Rfe8 32. Ne5 f6 33. Nxc6
Nf5+ 34. Kd3 Nxg3 35. Rg1 Rd6 36. Rxg3 1-0